000 00674nas a2200241 4500
001 BR9203128
003 BR-BrBNA
005 20231205092613.0
007 ta
008 230509b bl.|||p| |||| 00| 00por d
040 _aBR-BrBNA
_bpor
_cBiblioteca Nacional de Agricultura
041 _a(Pt)
072 _aL01; E16
100 1 _aAndrade, J.C.
245 1 _aO bom pintinho garante o lucro
650 _aPINTO DE UM DIA
650 _aAVICULTURA
650 _aCUSTO DE PRODUCAO
650 _aIMPOSTO
773 0 _tManchete Rural (Brazil)
_xISSN 0102-8901
_g(Oct 1989), v. 3(32) p. 29-30
_wBR9203128
909 _a202311
_bLúcia
_c55
_dLúcia Elande
942 _2AGRIS
_n0
_cANA
999 _c132808
_d132808